[Event "ICS Rated standard match"]
[Site "207.99.83.229"]
[Date "1999.07.14"]
[Round "?"]
[White "Hossa"]
[Black "ChessBlade"]
[Result "1-0"]
[WhiteElo "2191"]
[BlackElo "1934"]
[PlyCount "86"]
[EventDate "1999.??.??"]

1. e4 e5 2. Nf3 Nc6 3. Bb5 a6 4. Ba4 Nf6 5. Bxc6 dxc6 6. d3 Bg4 7. O-O Bc5 8.
Nbd2 O-O 9. Nc4 Nd7 10. Be3 Be7 11. h3 Bh5 12. g4 Bg6 13. Nfxe5 Nxe5 14. Nxe5
Qd6 15. Nxg6 Qxg6 16. Qf3 Rfd8 17. Qf5 Qd6 18. Bf4 Qd7 19. Rae1 Qxf5 20. exf5
Bd6 21. Bxd6 cxd6 22. Re7 b5 23. Rfe1 a5 24. g5 g6 25. f6 c5 26. R1e4 d5 27.
R4e5 b4 28. Rc7 c4 29. Ree7 cxd3 30. cxd3 Rf8 31. Rcd7 Rad8 32. Rxf7 Rxd7 33.
Rxd7 h6 34. Rg7+ Kh8 35. Rxg6 hxg5 36. Rxg5 Rxf6 37. Rxd5 Rg6+ 38. Kh2 a4 39.
Rb5 Rf6 40. Kg2 Rf4 41. Ra5 b3 42. axb3 Rd4 43. bxa4 43... Rxd3 {
ChessBlade resigns} 1-0

[Event "ICS rated blitz match"]
[Site "207.99.83.229"]
[Date "1999.07.14"]
[Round "?"]
[White "casaxuv"]
[Black "Hossa"]
[Result "0-1"]
[WhiteElo "2018"]
[BlackElo "2442"]
[PlyCount "126"]
[EventDate "1999.??.??"]

1. e4 Nf6 2. e5 Nd5 3. d4 d6 4. c4 Nb6 5. exd6 cxd6 6. Nc3 g6 7. Bd3 Bg7 8.
Nge2 Nc6 9. O-O Nxd4 10. Nxd4 Bxd4 11. Bc2 Bxc3 12. bxc3 Qc7 13. Qd4 e5 14. Qh4
Nxc4 15. Qf6 Rg8 16. Bb3 Be6 17. Bg5 Kd7 18. Rfd1 Kc6 19. Qf3+ Kb6 20. a4 Qc6
21. Be3+ Kc7 22. Bxc4 Qxf3 23. gxf3 Bxc4 24. f4 e4 25. Rd4 d5 26. Rd2 Rge8 27.
Bd4 h6 28. Be5+ Kc6 29. Rb1 Rac8 30. Rdb2 b6 31. a5 bxa5 32. Rb7 Bd3 33. R1b2
f6 34. Bd4 Rc7 35. Rxa7 Rxa7 36. Bxa7 Rf8 37. Bd4 a4 38. Rb6+ Kd7 39. Rb7+ Ke6
40. Ra7 Bb5 41. Ra5 Rb8 42. Kg2 g5 43. fxg5 hxg5 44. Kg3 f5 45. h4 f4+ 46. Kg4
gxh4 47. Kxh4 Bc6 48. Ra6 Kd6 49. Kg4 f3 50. Kf4 Rb7 51. Be5+ Kc5 52. Bd4+ Kb5
53. Ra7 Rxa7 54. Bxa7 Kc4 55. Bb8 a3 56. Bd6 a2 57. Ke5 e3 58. fxe3 f2 59. Ke6
f1=Q 60. Ke7 a1=Q 61. Kd8 Qa8+ 62. Kc7 Qb7+ 63. Kd8 63... Qd7# {
casaxuv checkmated} 0-1

[Event "ICS rated blitz match"]
[Site "207.99.83.229"]
[Date "1999.07.14"]
[Round "?"]
[White "Hossa"]
[Black "RedBear"]
[Result "0-1"]
[WhiteElo "2445"]
[BlackElo "2467"]
[PlyCount "146"]
[EventDate "1999.??.??"]

1. d4 d5 2. c4 e6 3. Nc3 Nf6 4. cxd5 Nxd5 5. e4 Nxc3 6. bxc3 c5 7. Nf3 cxd4 8.
cxd4 Bb4+ 9. Bd2 Bxd2+ 10. Qxd2 O-O 11. Rc1 Nc6 12. Bb5 Bd7 13. O-O Ne5 14.
Nxe5 Bxb5 15. Rfe1 f6 16. Nf3 Qd7 17. Rc3 Rfc8 18. Rec1 Rxc3 19. Qxc3 Rd8 20.
Qd2 b6 21. Qd1 Ba6 22. Rc3 Kh8 23. Qe1 Qa4 24. a3 Bb7 25. Qe2 f5 26. Rc7 fxe4
27. Ne1 Rd7 28. Rxd7 Qxd7 29. Qe3 Kg8 30. h3 Qc7 31. Qb3 Kf7 32. Qb5 Bd5 33.
Qe2 Kf8 34. Qe3 Ke8 35. h4 h6 36. h5 a5 37. g4 b5 38. g5 hxg5 39. Ng2 Qd8 40.
Qc3 Qb6 41. Qc8+ Ke7 42. Qc3 b4 43. axb4 axb4 44. Qb2 Ke8 45. Ne3 b3 46. Ng4
Qb4 47. Ne3 Kf7 48. Kf1 Qa4 49. Kg1 Qa2 50. Qxa2 bxa2 51. Nc2 Kf6 52. Kh2 g4
53. Kg3 Kf5 54. Na1 Kg5 55. Nc2 Bb3 56. Na1 Bd1 57. Kh2 Kf4 58. Kg2 e3 59.
fxe3+ Kxe3 60. d5 exd5 61. Kg3 d4 62. Kh4 Kf4 63. h6 gxh6 64. Kh5 g3+ 65. Kxh6
g2 66. Kg7 d3 67. Kg6 g1=Q+ 68. Kf6 Bb3 69. Ke7 d2 70. Nxb3 d1=Q 71. Nd2 Qxd2
72. Kf7 Qd7+ 73. Kf8 73... Qgg7# {Hossa checkmated} 0-1

[Event "ICS Rated standard match"]
[Site "207.99.83.229"]
[Date "1999.07.14"]
[Round "?"]
[White "PIANObuff"]
[Black "Hossa"]
[Result "0-1"]
[WhiteElo "1724"]
[BlackElo "2197"]
[PlyCount "41"]
[EventDate "1999.??.??"]

1. e4 c5 2. Nf3 Nc6 3. Bb5 e6 4. O-O Nge7 5. d3 Ng6 6. Nc3 Be7 7. Be3 O-O 8. d4
cxd4 9. Nxd4 a6 10. Ba4 Nxd4 11. Bxd4 d5 12. exd5 exd5 13. Qf3 Be6 14. Bb3 Bd6
15. Bxd5 Qh4 16. h3 Qxd4 17. Bxb7 Ra7 18. Rad1 Qe5 19. Rxd6 Qxd6 20. Ne4 Qb4
21. Bxa6 {PIANObuff resigns} 0-1

[Event "ICS Rated blitz match"]
[Site "207.99.83.229"]
[Date "1999.07.14"]
[Round "?"]
[White "casaxuv"]
[Black "Hossa"]
[Result "0-1"]
[WhiteElo "2072"]
[BlackElo "2430"]
[PlyCount "33"]
[EventDate "1999.??.??"]

1. e4 Nf6 2. e5 Nd5 3. d4 d6 4. c4 Nb6 5. exd6 cxd6 6. Nc3 g6 7. Bd3 Bg7 8.
Nge2 Nc6 9. d5 Ne5 10. b3 Bg4 11. O-O Nxd3 12. Qxd3 Bxe2 13. Qxe2 Bxc3 14. Bb2
Bxb2 15. Qxb2 O-O 16. Rae1 Qd7 17. Re3 {casaxuv resigns} 0-1

[Event "ICS rated blitz match"]
[Site "207.99.83.229"]
[Date "1999.07.14"]
[Round "?"]
[White "zhora"]
[Black "Hossa"]
[Result "0-1"]
[WhiteElo "2061"]
[BlackElo "2434"]
[PlyCount "82"]
[EventDate "1999.??.??"]

1. Nc3 Nf6 2. e4 e5 3. d3 Bb4 4. Bd2 d5 5. exd5 Nxd5 6. Nxd5 Bxd2+ 7. Qxd2 Qxd5
8. Nf3 Nc6 9. c4 Qd6 10. O-O-O Bg4 11. Qe3 Bxf3 12. Qxf3 O-O 13. g3 Rad8 14.
Bg2 Nb4 15. a3 Nc6 16. Rhe1 Qh6+ 17. Kb1 Rfe8 18. h4 Rd4 19. Re4 Qd6 20. Rxd4
Qxd4 21. Qe3 a5 22. Bxc6 bxc6 23. Kc2 Rd8 24. Qxd4 Rxd4 25. Re1 f6 26. Kc3 c5
27. Re4 Kf7 28. b4 axb4+ 29. axb4 cxb4+ 30. Kxb4 Rxd3 31. Kc5 Ke6 32. Kc6 Rd4
33. f3 f5 34. Re3 Rxc4+ 35. Kb5 Rc2 36. Kb4 Rg2 37. f4 e4 38. Rc3 Kd6 39. Kc4
Rg1 40. Kd4 c5+ 41. Ke3 41... Rxg3+ {zhora resigns} 0-1

[Event "ICS Rated standard match"]
[Site "207.99.83.229"]
[Date "1999.07.14"]
[Round "?"]
[White "Hossa"]
[Black "Beadle"]
[Result "0-1"]
[WhiteElo "2199"]
[BlackElo "2387"]
[PlyCount "113"]
[EventDate "1999.??.??"]

1. d4 d5 2. c4 c6 3. Nc3 e6 4. e4 dxe4 5. Nxe4 Bb4+ 6. Bd2 Qxd4 7. Bxb4 Qxe4+
8. Ne2 Qxc4 9. Qd6 Nd7 10. Nc3 Qg4 11. f3 Qh4+ 12. g3 Qd8 13. O-O-O a5 14. Ba3
Ne7 15. Ne4 b5 16. Bc5 Ba6 17. Bf2 Nf5 18. Qd2 Ne5 19. Qc2 Qc7 20. g4 Ne7 21.
Nd6+ Kf8 22. Bg3 Qb6 23. Bxe5 Qe3+ 24. Qd2 Qxe5 25. Nxb5 Nd5 26. Nd4 Bxf1 27.
Rdxf1 c5 28. Nb5 h5 29. Rf2 Nf4 30. Rff1 Ne2+ 31. Kb1 Nd4 32. Nc3 hxg4 33. fxg4
Rh6 34. h4 Rf6 35. Rd1 Rb8 36. Rhe1 Qc7 37. Qg2 Nf3 38. Rh1 Qb7 39. h5 Rf4 40.
h6 Rb4 41. Na4 gxh6 42. Rxh6 Nd4 43. Qxb7 R8xb7 44. Rc1 Rxa4 45. Rxc5 Ke7 46.
b3 Kd6 47. Rc1 Rab4 48. Rd1 a4 49. Kc1 axb3 50. a3 Rc4+ 51. Kb1 Kc6 52. Rh4 Ne2
53. Rh8 Nc3+ 54. Kb2 Nxd1+ 55. Kb1 Rc2 56. a4 Nc3+ 57. Ka1 {Hossa resigns} 0-1

[Event "ICS Rated blitz match"]
[Site "207.99.83.229"]
[Date "1999.07.14"]
[Round "?"]
[White "pav"]
[Black "Hossa"]
[Result "0-1"]
[WhiteElo "1939"]
[BlackElo "2437"]
[PlyCount "66"]
[EventDate "1999.??.??"]

1. e4 Nf6 2. e5 Nd5 3. d4 d6 4. f4 dxe5 5. fxe5 e6 6. Nf3 Be7 7. c3 a6 8. Bd3
c5 9. O-O Nc6 10. dxc5 O-O 11. Kh1 f6 12. exf6 Rxf6 13. Bg5 Rf8 14. Bxe7 Qxe7
15. Qe2 Nf4 16. Qe4 Nxd3 17. Qxd3 Qxc5 18. Na3 Rd8 19. Qe4 Qd5 20. Qh4 h6 21.
Rad1 Qxd1 22. Rxd1 Rxd1+ 23. Ne1 Ra1 24. Nac2 Rxa2 25. h3 Rxb2 26. Kh2 Rb1 27.
Nf3 Rf1 28. Ncd4 Nxd4 29. Qd8+ Kh7 30. cxd4 Rc1 31. d5 exd5 32. Qxd5 Rc6 33.
Qf5+ 33... Bxf5 {pav resigns} 0-1

[Event "ICS rated blitz match"]
[Site "207.99.83.229"]
[Date "1999.07.14"]
[Round "?"]
[White "Hossa"]
[Black "pav"]
[Result "1-0"]
[WhiteElo "2439"]
[BlackElo "1937"]
[PlyCount "69"]
[EventDate "1999.??.??"]

1. d4 d5 2. c4 c6 3. Nc3 Nf6 4. cxd5 cxd5 5. f3 Nc6 6. e4 dxe4 7. d5 Ne5 8.
fxe4 Qb6 9. Bf4 Ng6 10. Bg5 h6 11. Bxf6 exf6 12. Bb5+ Bd7 13. Bxd7+ Kxd7 14.
Qa4+ Kc8 15. Qe8+ Qd8 16. Qxf7 Ne5 17. Qe6+ Kb8 18. O-O-O a6 19. Nf3 Ka7 20.
Nxe5 fxe5 21. Qxe5 Bd6 22. Qxg7 Rg8 23. Qxh6 Rxg2 24. Qe3+ b6 25. e5 Bc5 26.
Qh3 Qg5+ 27. Kb1 Rf8 28. Ne4 Qg6 29. Qd3 Bb4 30. Qc4 Ba5 31. b4 Rff2 32. bxa5
Rb2+ 33. Ka1 Qxe4 34. axb6+ Ka8 35. Qc8# {pav checkmated} 1-0

[Event "ICS Rated blitz match"]
[Site "207.99.83.229"]
[Date "1999.07.14"]
[Round "?"]
[White "Hossa"]
[Black "Amateur"]
[Result "0-1"]
[WhiteElo "2441"]
[BlackElo "2434"]
[PlyCount "55"]
[EventDate "1999.??.??"]

1. d4 d5 2. c4 c6 3. Nc3 Nf6 4. cxd5 cxd5 5. f3 e6 6. Bg5 Nc6 7. Rc1 Qb6 8.
Bxf6 gxf6 9. e3 Qxb2 10. Nge2 Bb4 11. Rc2 Qa3 12. Kf2 Bd7 13. e4 dxe4 14. fxe4
Rg8 15. Nb5 Qa5 16. Nc1 e5 17. Nb3 Qb6 18. Qh5 exd4 19. N3xd4 a6 20. Qxh7 Rf8
21. Kf3 axb5 22. Nb3 Ne5+ 23. Kf4 Ng4 24. Re2 Qc7+ 25. e5 fxe5+ 26. Kg5 Be7+
27. Kh5 Nf6+ 28. Kh4 {Hossa resigns} 0-1

[Event "ICS rated blitz match"]
[Site "207.99.83.229"]
[Date "1999.07.14"]
[Round "?"]
[White "Kgambitman"]
[Black "Hossa"]
[Result "0-1"]
[WhiteElo "1923"]
[BlackElo "2425"]
[PlyCount "66"]
[EventDate "1999.??.??"]

1. e4 Nf6 2. e5 Nd5 3. d4 d6 4. c4 Nb6 5. f4 dxe5 6. fxe5 g6 7. Nc3 Bg7 8. Bf4
Nc6 9. Be3 O-O 10. Be2 f6 11. e6 Na5 12. b3 Bxe6 13. d5 Bf7 14. Nf3 Qd7 15.
Bxb6 axb6 16. b4 e6 17. bxa5 f5 18. Rc1 Rxa5 19. O-O exd5 20. Ng5 d4 21. Nxf7
Qxf7 22. Nd5 Rfa8 23. Bf3 Re8 24. Nf4 c6 25. Qb3 b5 26. cxb5 Qxb3 27. axb3 Rxb5
28. Rfe1 Rxe1+ 29. Rxe1 Bh6 30. g3 Bxf4 31. gxf4 Rxb3 32. Be2 b5 33. Bd1 33...
Rb2 {Kgambitman resigns} 0-1

[Event "ICS Rated blitz match"]
[Site "207.99.83.229"]
[Date "1999.07.14"]
[Round "?"]
[White "capivara"]
[Black "Hossa"]
[Result "1-0"]
[WhiteElo "2039"]
[BlackElo "2427"]
[PlyCount "110"]
[EventDate "1999.??.??"]

1. e4 Nf6 2. Nc3 d5 3. exd5 Nxd5 4. Bc4 Be6 5. Nxd5 Bxd5 6. Bxd5 Qxd5 7. Qf3
Qxf3 8. Nxf3 Nc6 9. O-O Nb4 10. c3 Nd3 11. Ne1 O-O-O 12. Nxd3 Rxd3 13. Re1 c5
14. b4 cxb4 15. cxb4 e6 16. a3 Rd7 17. Re2 Rc7 18. Bb2 Kd7 19. Bd4 b6 20. f3
Rg8 21. Kf2 Bd6 22. g3 Rc2 23. Bc3 b5 24. Ke3 Rd8 25. Kd3 Rxc3+ 26. dxc3 Ke7
27. Kc2 g5 28. Rd1 g4 29. f4 a6 30. Kb3 h5 31. Red2 f6 32. a4 e5 33. axb5 axb5
34. fxe5 fxe5 35. Rd5 h4 36. gxh4 Bc7 37. Rxd8 Bxd8 38. Rg1 Kf6 39. Rxg4 Kf5
40. h3 e4 41. Kc2 Bf6 42. h5 Bg5 43. Rxg5+ Kxg5 44. Kd2 Kf6 45. Ke3 Kf5 46. h6
Kg6 47. Kxe4 Kxh6 48. Kd5 Kh7 49. c4 Kg7 50. cxb5 Kg8 51. b6 Kf7 52. b7 Kg6 53.
b8=Q Kh5 54. Qg8 Kh6 55. Ke5 55... Kh5 {Hossa resigns} 1-0

[Event "ICS rated blitz match"]
[Site "207.99.83.229"]
[Date "1999.07.14"]
[Round "?"]
[White "beatchess"]
[Black "Hossa"]
[Result "0-1"]
[WhiteElo "2098"]
[BlackElo "2398"]
[PlyCount "66"]
[EventDate "1999.??.??"]

1. e3 Nc6 2. d4 e5 3. c3 d5 4. Nf3 e4 5. Nfd2 Nf6 6. c4 Bb4 7. Nc3 O-O 8. Qb3
Be6 9. a3 dxc4 10. Bxc4 Bxc3 11. Qxc3 Bxc4 12. Nxc4 Qd7 13. b4 b5 14. Nd2 a5
15. bxa5 Rxa5 16. Bb2 Qe6 17. Rc1 Ra6 18. O-O Nd5 19. Qc5 Rb8 20. Rc2 Rbb6 21.
Rfc1 Nb8 22. a4 Rxa4 23. Ra1 Rxa1+ 24. Bxa1 Nd7 25. Qa3 Ra6 26. Qc1 Qg4 27. Bb2
b4 28. h3 Qh4 29. Rc6 Nc3 30. Rxc3 bxc3 31. Qxc3 Rf6 32. Qxc7 Qxf2+ 33. Kh2
33... Rg6 {beatchess resigns} 0-1

[Event "ICS rated blitz match"]
[Site "207.99.83.229"]
[Date "1999.07.14"]
[Round "?"]
[White "croman"]
[Black "Hossa"]
[Result "0-1"]
[WhiteElo "1999"]
[BlackElo "2406"]
[PlyCount "52"]
[EventDate "1999.??.??"]

1. c4 e5 2. d3 Nc6 3. Nf3 Nf6 4. g3 d5 5. cxd5 Bb4+ 6. Nbd2 Nxd5 7. Bg2 O-O 8.
O-O Bg4 9. a3 Bxd2 10. Bxd2 Qd6 11. b4 Rad8 12. Qb3 Rd7 13. Rac1 Bxf3 14. exf3
Nd4 15. Qd1 Qa6 16. f4 Qxd3 17. fxe5 Ne2+ 18. Kh1 Nxc1 19. Bxc1 Nxb4 20. Qxd3
Nxd3 21. Bxb7 Nxf2+ 22. Rxf2 Rd1+ 23. Kg2 Rxc1 24. Bd5 Rc5 25. Rd2 Re8 26. e6
26... fxe6 {croman resigns} 0-1

[Event "ICS rated blitz match"]
[Site "207.99.83.229"]
[Date "1999.07.14"]
[Round "?"]
[White "Hossa"]
[Black "MissSilicon"]
[Result "0-1"]
[WhiteElo "2409"]
[BlackElo "2534"]
[PlyCount "55"]
[EventDate "1999.??.??"]

1. d4 f5 2. c4 e6 3. Nc3 Nf6 4. e3 Bb4 5. Bd3 Nc6 6. Nge2 O-O 7. O-O d5 8. Qb3
Be7 9. cxd5 Nxd5 10. Bb1 Nxc3 11. bxc3 Na5 12. Qc2 b6 13. e4 Ba6 14. exf5 exf5
15. Re1 Bd6 16. Ng3 Re8 17. Qd1 Rxe1+ 18. Qxe1 g6 19. Bh6 Qh4 20. Qe6+ Kh8 21.
Be3 f4 22. Qe4 Rf8 23. d5 fxe3 24. Qxe3 Rxf2 25. Qxf2 Bc5 26. Qxc5 bxc5 27. Be4
Qg5 28. Rd1 {Hossa resigns} 0-1

[Event "ICS Rated standard match"]
[Site "207.99.83.229"]
[Date "1999.07.14"]
[Round "?"]
[White "Pinhead"]
[Black "Hossa"]
[Result "0-1"]
[WhiteElo "2014"]
[BlackElo "2191"]
[PlyCount "69"]
[EventDate "1999.??.??"]

1. e4 e5 2. Nf3 Nf6 3. Nxe5 d6 4. Nf3 Nxe4 5. d3 Nf6 6. d4 d5 7. Be2 Bb4+ 8. c3
Be7 9. Ne5 O-O 10. O-O Re8 11. f4 c5 12. Be3 Qb6 13. Qc2 Nc6 14. dxc5 Bxc5 15.
Bxc5 Qxc5+ 16. Kh1 Nxe5 17. fxe5 Rxe5 18. Bd3 Qd6 19. Nd2 Rh5 20. Nf3 a6 21.
Qf2 Ng4 22. Qg1 Qg3 23. Rae1 Bd7 24. h3 Bc6 25. Bb1 Rxh3+ 26. gxh3 Qxh3+ 27.
Nh2 d4+ 28. Be4 Bxe4+ 29. Rxe4 Nxh2 30. Qxh2 Qxf1+ 31. Qg1 Qf3+ 32. Qg2 Qh5+
33. Kg1 dxc3 34. bxc3 Qc5+ 35. Kh1 {Pinhead resigns} 0-1

[Event "ICS Rated standard match"]
[Site "207.99.83.229"]
[Date "1999.07.14"]
[Round "?"]
[White "Hossa"]
[Black "spunik"]
[Result "1-0"]
[WhiteElo "2199"]
[BlackElo "2046"]
[PlyCount "61"]
[EventDate "1999.??.??"]

1. e4 c5 2. Nf3 d6 3. d4 cxd4 4. Nxd4 Nf6 5. Nc3 a6 6. Be3 Nc6 7. Qd3 e6 8.
O-O-O Be7 9. Nxc6 bxc6 10. Bg5 Bb7 11. Bxf6 gxf6 12. Qe3 Qa5 13. f3 h5 14. f4
c5 15. Bc4 Qb4 16. a3 Qa5 17. f5 Rb8 18. fxe6 fxe6 19. Bxe6 Qb6 20. Bb3 Bc6 21.
Nd5 Bxd5 22. exd5 Qb5 23. Rhe1 Rb7 24. a4 Qb4 25. Qe2 Qb6 26. Rd3 c4 27. Re3
cxb3 28. Rxe7+ Kf8 29. Rxb7 Qxb7 30. Qe8+ Kg7 31. Re7+ {spunik resigns} 1-0

[Event "ICS Rated blitz match"]
[Site "207.99.83.229"]
[Date "1999.07.14"]
[Round "?"]
[White "occam"]
[Black "Hossa"]
[Result "1-0"]
[WhiteElo "2357"]
[BlackElo "2399"]
[PlyCount "93"]
[EventDate "1999.??.??"]

1. Nf3 Nf6 2. c4 Nc6 3. Nc3 e5 4. e3 Bb4 5. a3 Bxc3 6. bxc3 e4 7. Nd4 O-O 8.
Rb1 Na5 9. d3 c5 10. Nb5 d5 11. dxe4 dxe4 12. Qxd8 Rxd8 13. Be2 Bg4 14. Bxg4
Nxg4 15. Nc7 Rab8 16. f3 exf3 17. gxf3 Ne5 18. Ke2 Naxc4 19. e4 Rd7 20. Nd5
Rbd8 21. Rg1 Ng6 22. h4 Kh8 23. h5 Ne7 24. h6 Rg8 25. Nxe7 Rxe7 26. hxg7+ Rxg7
27. Bg5 Re6 28. Rxb7 h6 29. Be3 Nxe3 30. Rxg7 Kxg7 31. Kxe3 Ra6 32. Rb5 Rc6 33.
f4 a6 34. Rb7 h5 35. f5 c4 36. e5 Rc5 37. Kd4 Rb5 38. Rc7 Kf8 39. f6 Rb8 40.
Rxc4 Kg8 41. Rb4 Rxb4+ 42. axb4 h4 43. Ke4 h3 44. Kf3 Kh7 45. c4 Kg8 46. Kg3
Kf8 47. c5 {Hossa resigns} 1-0

[Event "ICS Rated blitz match"]
[Site "207.99.83.229"]
[Date "1999.07.14"]
[Round "?"]
[White "MissSilicon"]
[Black "Hossa"]
[Result "1-0"]
[WhiteElo "2548"]
[BlackElo "2381"]
[PlyCount "98"]
[EventDate "1999.??.??"]

1. Nf3 Nf6 2. c4 c6 3. d3 d5 4. cxd5 cxd5 5. Bf4 Nc6 6. Nbd2 Bd7 7. Qb3 Na5 8.
Qc2 Rc8 9. Qd1 Qb6 10. b3 e6 11. Ne5 Ba3 12. Nxd7 Nxd7 13. e4 e5 14. Bg5 f6 15.
Bh4 Qd4 16. f3 Nc5 17. Bf2 Nxd3+ 18. Bxd3 Qxd3 19. exd5 Rc2 20. Qe2 Qxd5 21.
Bxa7 Bc1 22. Be3 O-O 23. Qd1 Qd3 24. Qe2 Qc3 25. Rb1 Rd8 26. O-O Bxd2 27. Bb6
Rxa2 28. Qe4 Rd7 29. f4 Nxb3 30. fxe5 fxe5 31. Qf5 Be3+ 32. Bxe3 Qxe3+ 33. Kh1
h6 34. Qxd7 Qd2 35. Qxb7 Rb2 36. Rxb2 Qxb2 37. Qd5+ Kh7 38. Qd3+ Kg8 39. Rb1
Qd2 40. Qxb3+ Kh7 41. Rd1 Qa5 42. Qc2+ Kh8 43. Qc8+ Kh7 44. Qf5+ Kg8 45. Rc1
Qd8 46. Rc8 Qxc8 47. Qxc8+ Kh7 48. Qe6 h5 49. Qxe5 49... h4 {Hossa resigns} 1-0

[Event "ICS Rated blitz match"]
[Site "207.99.83.229"]
[Date "1999.07.14"]
[Round "?"]
[White "Hossa"]
[Black "MissSilicon"]
[Result "0-1"]
[WhiteElo "2372"]
[BlackElo "2557"]
[PlyCount "127"]
[EventDate "1999.??.??"]

1. d4 Nf6 2. Nf3 e6 3. c4 Bb4+ 4. Bd2 Qe7 5. Qa4 Nc6 6. e3 Bxd2+ 7. Nbxd2 Qb4
8. Qb3 Qxb3 9. axb3 Nb4 10. Rc1 b6 11. Be2 d6 12. O-O Bb7 13. Ng5 h6 14. Bf3 d5
15. Nh3 g5 16. cxd5 Bxd5 17. Bxd5 Nfxd5 18. e4 g4 19. exd5 Nxd5 20. Rc6 gxh3
21. gxh3 O-O 22. Kh1 Kh7 23. Nc4 Rac8 24. Ne5 Rcd8 25. Rg1 Rd6 26. Rc4 a5 27.
Rcc1 f6 28. Nc4 Rd7 29. Rg4 f5 30. Rg3 Rg8 31. Ne5 Rdg7 32. h4 Nf4 33. Rcg1 Ne2
34. Rxg7+ Rxg7 35. Rd1 Nf4 36. Ra1 h5 37. Rc1 Nh3 38. Rf1 Rg8 39. f3 Kg7 40.
Rc1 Kf6 41. Rf1 Rd8 42. Nc6 Rd5 43. Rc1 Nf4 44. Rd1 Rb5 45. b4 axb4 46. Re1 Rd5
47. Rd1 b3 48. Rc1 Ng6 49. Rc3 Nxh4 50. Kg1 Rd6 51. Kf2 f4 52. h3 Kg5 53. Rc1
Nf5 54. Rc3 Ne3 55. Kg1 Kh4 56. Rc1 Nc2 57. Na7 Rxd4 58. Nb5 Rd2 59. Nxc7 Nd4
60. Rd1 Rxd1+ 61. Kf2 Rd2+ 62. Kf1 Kg3 63. Ke1 Nxf3+ 64. Kf1 {Hossa resigns}
0-1

[Event "ICS Rated blitz match"]
[Site "207.99.83.229"]
[Date "1999.07.14"]
[Round "?"]
[White "Hossa"]
[Black "Esen"]
[Result "1-0"]
[WhiteElo "2364"]
[BlackElo "2114"]
[Annotator "Fritz 5.32 (30s)"]
[PlyCount "93"]
[EventDate "1999.??.??"]

1. d4 d6 2. c4 c6 3. e4 g6 4. Nc3 Bg7 5. Bg5 (5. h3 Nd7 6. Nf3 e5 7. Be3 Ngf6
8. Bd3 O-O 9. O-O exd4 10. Bxd4 Nc5 11. Bc2 Qe7 12. Re1 Be6 13. b3 Rfd8 14. Qd2
d5 15. exd5 cxd5 16. cxd5 Qc7 17. b4 Bxd5 18. Nxd5 {
1-0 Ljubojevic,L-Jadoul,M/Brussels 1986/CBM 01 (18)}) 5... Nf6 $146 (5... f5 6.
exf5 Bxf5 7. Qd2 Na6 8. h3 Nf6 9. g4 Be6 10. O-O-O Qa5 11. Kb1 b5 12. Bxf6 Bxf6
13. cxb5 Nc7 14. Bg2 cxb5 15. Nd5 Qxd2 16. Nxc7+ Kd7 17. Rxd2 Kxc7 18. Bxa8
Rxa8 19. d5 Bf7 20. f4 {Nieminen,K-Kilpela,P/Helsinki 1992/CBM 32/1-0 (53)}) (
5... Qb6 6. Nge2 Nf6 7. Qd2 Be6 8. d5 Bd7 9. Be3 c5 10. f3 Na6 11. Nc1 h5 12.
a3 Qd8 13. Nd3 O-O 14. Be2 Nc7 15. a4 e6 16. e5 Nfe8 17. exd6 Nxd6 18. Nxc5
exd5 19. cxd5 Bf5 20. O-O {Behnick,E-Knoth,E/Hessen 1998/EXT 99/0-1 (53)}) (
5... h6 6. Be3 a6 7. Qd2 b5 8. Rd1 Nf6 9. f3 bxc4 10. Bxc4 d5 11. Bd3 dxe4 12.
Nxe4 Nxe4 13. Bxe4 Be6 14. b3 Bd5 15. Ne2 e6 16. O-O Nd7 17. Nc3 h5 18. Bd3 O-O
19. Ne4 a5 20. Rb1 {Spyra,W-Maciejewski,A/Karvina 1992/EXT 97/0-1 (39)}) (5...
Nd7 6. Nf3 h6 7. Bh4 c5 8. d5 Ngf6 9. Bd3 g5 10. Bg3 Nh5 11. Qc2 a6 12. O-O
Nxg3 13. hxg3 g4 14. Nh4 Ne5 15. f4 gxf3 16. gxf3 Bh3 17. Ng2 Rg8 18. Kh2 Qd7
19. Be2 h5 20. Rg1 {Van Diepen,P-Zwanenbeek,I/Alkmaar 1983/EXT 99/1-0 (50)}) 6.
Bd3 O-O 7. Nge2 h6 8. Bf4 Nbd7 9. Qd2 Kh7 10. O-O-O Qc7 11. Be3 Nb6 12. c5 dxc5
13. Bf4 Qd8 14. dxc5 Nbd7 15. Bc2 b5 16. f3 Bb7 17. Be3 Ne5 18. Bd4 Nc4 19. Qf4
Qa5 20. Bd3 e5 21. Bxe5 Nxe5 22. Qxe5 Nd5 23. Qd6 Nxc3 24. Nxc3 Bxc3 25. bxc3
Qxc3+ 26. Kb1 Qb4+ 27. Kc2 Rad8 28. Qe7 Rde8 29. Qxb7 Qxc5+ 30. Kb3 a5 31. Qc7
a4+ 32. Kb2 a3+ 33. Kb3 Qf2 34. Bc2 Qe3+ 35. Rd3 Qf2 36. Rhd1 c5 37. R1d2 c4+
38. Kxa3 Ra8+ 39. Kb2 Qxd2 40. Rxd2 Rac8 41. Qe5 c3+ 42. Qxc3 $1 {
nun ist alles klar} 42... Rxc3 43. Kxc3 Rc8+ 44. Kb4 Rc7 45. Kxb5 Ra7 46. a4
Rb7+ 47. Kc6 (47. Kc6 Rb2 48. a5 $18) 1-0

[Event "ICS Rated blitz match"]
[Site "207.99.83.229"]
[Date "1999.07.14"]
[Round "?"]
[White "Hossa"]
[Black "Esen"]
[Result "1-0"]
[WhiteElo "2376"]
[BlackElo "2102"]
[PlyCount "89"]
[EventDate "1999.??.??"]

1. d4 c6 2. e4 d5 3. Nc3 dxe4 4. Nxe4 Bf5 5. Ng3 Bg6 6. Be2 Nd7 7. Nf3 e6 8.
O-O Ngf6 9. Nh4 Bd6 10. Nxg6 hxg6 11. c4 Qe7 12. Qa4 O-O 13. f4 a6 14. Bf3 Rfc8
15. Qa5 b5 16. Bd2 Bc7 17. Qc3 Bb6 18. Rae1 Qf8 19. Ne4 Nxe4 20. Bxe4 Nf6 21.
Qe3 Nxe4 22. Qxe4 Rd8 23. Be3 Rac8 24. Re2 Ba7 25. Rfe1 Bb8 26. Kh1 Qd6 27. Rd2
bxc4 28. Rf1 Qd5 29. Qc2 Bd6 30. Rdd1 Rb8 31. Qc3 Bb4 32. Qc1 Bd6 33. Rf2 Rb7
34. Qc3 Bb4 35. Qc2 Bd6 36. Qe2 Rdb8 37. Bc1 Rb5 38. Rf3 a5 39. Qf2 a4 40. Rc3
Bb4 41. Rg3 Bd6 42. Re1 R8b7 43. Rg5 f5 44. Rxg6 Rf7 45. Rexe6 {Esen resigns}
1-0

[Event "ICS Rated blitz match"]
[Site "207.99.83.229"]
[Date "1999.07.14"]
[Round "?"]
[White "Esen"]
[Black "Hossa"]
[Result "1/2-1/2"]
[WhiteElo "2097"]
[BlackElo "2381"]
[PlyCount "80"]
[EventDate "1999.??.??"]

1. d4 d5 2. c4 e6 3. Nc3 Nf6 4. Bg5 Be7 5. Bxf6 Bxf6 6. cxd5 exd5 7. e3 O-O 8.
Nf3 c5 9. Bb5 a6 10. Ba4 b5 11. Bb3 c4 12. Bc2 b4 13. Ne2 Bg4 14. Ng3 Nc6 15.
h3 Bxf3 16. Qxf3 Bxd4 17. Bxh7+ Kxh7 18. exd4 Re8+ 19. Kf1 Nxd4 20. Qh5+ Kg8
21. Rd1 g6 22. Qh6 Ne6 23. h4 c3 24. h5 g5 25. Nf5 cxb2 26. g4 Qa5 27. Re1 b3
28. Rxe6 b1=Q+ 29. Kg2 Qxf5 30. Rxe8+ Rxe8 31. gxf5 d4 32. f6 Qd5+ 33. Kh2 Qd6+
34. Kg1 Re1+ 35. Kg2 Qc6+ 36. Kg3 Qc7+ 37. Kg2 Qc6+ 38. Kg3 Qc7+ 39. Kg2 Qc6+
40. Kg3 40... Qc7+ {Game drawn by repetition} 1/2-1/2

[Event "ICS Rated blitz match"]
[Site "207.99.83.229"]
[Date "1999.07.14"]
[Round "?"]
[White "Hossa"]
[Black "occam"]
[Result "0-1"]
[WhiteElo "2370"]
[BlackElo "2352"]
[PlyCount "89"]
[EventDate "1999.??.??"]

1. d4 d5 2. c4 dxc4 3. e4 b5 4. a4 c6 5. axb5 cxb5 6. Nc3 Bd7 7. Nf3 e6 8. Be2
Nf6 9. O-O b4 10. e5 bxc3 11. exf6 gxf6 12. bxc3 Qc7 13. Nd2 Bb5 14. Rb1 a6 15.
Bf3 Ra7 16. Ne4 Be7 17. d5 exd5 18. Qxd5 Qe5 19. Re1 O-O 20. Qd2 Rd7 21. Qh6 f5
22. Bf4 Qe6 23. Ng3 Qxh6 24. Bxh6 Rfd8 25. Nxf5 Bf6 26. Re3 Rd3 27. Rxd3 cxd3
28. Bd2 Kf8 29. Ne3 Re8 30. c4 Ba4 31. Rb7 Bd4 32. Bb4+ Kg8 33. Nf5 Bc5 34.
Nh6+ Kg7 35. Nxf7 Nd7 36. h4 Bxb4 37. Rxb4 Re1+ 38. Kh2 Nc5 39. Nd6 d2 40. Nb7
Bc6 41. Nxc5 Bxf3 42. gxf3 d1=Q 43. Rb7+ Kg6 44. h5+ Kxh5 45. Ne4 {
Hossa resigns} 0-1

[Event "ICS Rated blitz match"]
[Site "207.99.83.229"]
[Date "1999.07.14"]
[Round "?"]
[White "Hossa"]
[Black "WoodPusher3"]
[Result "1-0"]
[WhiteElo "2353"]
[BlackElo "2038"]
[PlyCount "45"]
[EventDate "1999.??.??"]

1. d4 d5 2. c4 e6 3. Nc3 c5 4. e3 Nf6 5. Bd3 dxc4 6. Bxc4 cxd4 7. exd4 Nc6 8.
Nge2 Be7 9. O-O O-O 10. Bb5 Qb6 11. Be3 Nd5 12. Qa4 Bd7 13. Rac1 a6 14. Bc4 Ne5
15. Nxd5 exd5 16. dxe5 Qxe3 17. Qxd7 Qxe5 18. Qxd5 Qxb2 19. Rb1 Qf6 20. Rxb7
Rfd8 21. Qe4 Bc5 22. Rxf7 Bxf2+ 23. Kh1 {WoodPusher3 resigns} 1-0